|
|
|
|
| LEADER |
00000nam a2200000 a 4500 |
| 001 |
vtls008773403 |
| 003 |
SK-MaSNL |
| 005 |
20260301165556.0 |
| 008 |
240318s2004 xr al f f 001 0 cze |
| 020 |
|
|
|a 8073450135
|q (viaz.)
|
| 040 |
|
|
|a SNK
|b slo
|c SNK
|e AACR2
|
| 041 |
0 |
|
|a cze
|
| 044 |
|
|
|a xr
|c CZ
|
| 072 |
|
7 |
|a 613
|x Hygiena. Ľudské zdravie
|2 konspekt
|
| 080 |
|
|
|a 613.2
|2 2001
|
| 080 |
|
|
|a 612.39
|2 2001
|
| 080 |
|
|
|a 316.346.2-055.26
|2 2001
|
| 080 |
|
|
|a 612.63
|2 2001
|
| 080 |
|
|
|a 618.63
|2 2001
|
| 080 |
|
|
|a (048.8)
|2 2001
|
| 100 |
1 |
|
|a Hronek, Miloslav,
|d 1962-
|4 aut
|9 534515
|
| 245 |
1 |
0 |
|a Výživa ženy v obdobích těhotenství a kojení
|c Miloslav Hronek
|
| 260 |
|
|
|a Praha
|b Maxdorf
|c c2004
|
| 300 |
|
|
|a 309 s.
|b ilustr., tab.
|c 21 cm
|
| 490 |
1 |
|
|a Jessenius
|
| 504 |
|
|
|a Obsahuje bibliogr. a reg.
|
| 650 |
0 |
7 |
|a výživa človeka
|2 SNKPH
|9 4211
|
| 650 |
0 |
7 |
|a tehotné ženy
|2 SNKPH
|9 88389
|
| 650 |
0 |
7 |
|a dojčiace ženy
|2 SNKPH
|9 4889
|
| 650 |
0 |
7 |
|a tehotenstvo
|2 SNKPH
|9 2477
|
| 650 |
0 |
7 |
|a dojčenie
|2 SNKPH
|9 3802
|
| 655 |
|
7 |
|a monografie
|2 SNKPH
|9 70139
|
| 810 |
2 |
|
|a Maxdorf (Praha, Česko)
|t Jessenius
|9 310482
|
| 919 |
|
|
|a 80-7345-013-5
|
| 999 |
|
|
|c 824738
|d 826668
|
| 952 |
|
|
|t snkHRO 613.2
|a SNKUST
|b SNKUST
|y PREZ
|7 0
|p 17A0513653
|o snkIC 133529
|i snk2006/12602
|8 4
|g 19.65
|0 0
|1 0
|4 0
|d 2006-06-15
|l 0
|r 2025-04-29 00:00:00
|w 2026-02-24
|